| 000 | 00833nam a22002897a 4500 | ||
|---|---|---|---|
| 001 | BR7301507 | ||
| 003 | BR-BrBNA | ||
| 005 | 20230928083857.0 | ||
| 007 | ta | ||
| 008 | 230509b bl.||||| |||| 00| 0 por d | ||
| 040 |
_aBR-BrBNA _bpor _cBiblioteca Nacional de Agricultura |
||
| 041 | _a(Por) | ||
| 072 |
_aE70; F01 _b0120 _b/G514 |
||
| 090 | _ 0120 BR7301507 | ||
| 100 | 1 | _aMiranda, A.P. de | |
| 110 | 1 |
_aFundacao Universidade Federal de Mato Grosso, Cuiaba (Brasil) _95065 |
|
| 245 | 1 |
_aMilho em Mato Grosso. Producao e comercializacao do milho _bEconomia Regional 2. |
|
| 260 | 3 |
_aCuiaba, MT (Brasil): _c1973. |
|
| 300 | _a32 p. | ||
| 500 | _a8 illus.; 6 ref. | ||
| 650 | _aMILHO | ||
| 650 | _aPRODUCAO | ||
| 650 | _aCOMERCIALIZACAO | ||
| 650 | _aMATO GROSSO | ||
| 909 |
_a202309 _bLucia _c55 _dLucia Elande |
||
| 942 | _cBK | ||
| 999 |
_c15642 _d15642 |
||